Statistics for Most streamed songs : Kylie Minogue

Click here to take the quiz!

General Stats

  • This quiz has been taken 9 times
  • The average score is 6 of 10

Answer Stats

StreamsSong% Correct
515 000 000Can't Get You out of My Head
88%
138 500 000Padam Padam
88%
59 500 000Spinning Around
88%
84 500 000In Your Eyes
75%
56 000 000The Loco-Motion
75%
66 500 000Love at First Sight
50%
51 500 000Get Outta My Way
25%
90 500 000Higher (with Taio Cruz)
25%
61 000 000Where The Wild Roses Grow (with Nick Cave & The Bad Seeds)
25%
225 500 000Santa Baby
13%

Score Distribution

Percentile by Number Answered

Percent of People with Each Score

Your Score History

You have not taken this quiz